000
00292 a2200109 4500
001
ART_20440
005
20260410161927.0
008
260409a
245
1
0
_a
Operations Research today
100
1
_a
Schneider, Erich
773
0
_t
Economics
_g
- Vol. 2 (jun. 1970)
_w
REV20320
999
_c
28275
_d
28275